| 000 | 00552nam a2200217Ia 4500 | ||
|---|---|---|---|
| 008 | 180523s9999 xx 000 0 und d | ||
| 020 | _a0-486-29980-5 | ||
| 050 | _aMAIN PS 1556.A4 | ||
| 050 | _b.D86 1997 | ||
| 100 | _aDunbar, Paul Lawrence. | ||
| 245 | 0 | _aSelected poems / | |
| 245 | 0 | _cPaul Laurence Dunbar. | |
| 260 | _aUSA : | ||
| 260 | _bDover Publications, | ||
| 260 | _c1997 | ||
| 300 | _a72 pages : | ||
| 300 | _c21 cm. | ||
| 440 | _aDover thrift editions | ||
| 500 | _aIncludes index. | ||
| 650 | _aAfrican Americans -- Poetry. | ||
| 999 |
_c357408 _d357408 |
||